00974nam a2200277 i 4500001001000000003000900010005001700019007000300036008004100039040003000080041000800110082002900118100005400147245005700201250002800258264005100286300004500337336002700382337003300409338002800442490002800470500006200498650003500560650002700595651007400622000012695DO-SdBNP20250717075657.0ta091116s1998 dr a r 000 f spa d aDO-SdBNPbspacBNPHUerda aspa 4aRD863.44bP936m 1998222 aPrestol Castillo, Freddy,d1914-1981eautor4aut.13aEl masacre se pasa a pie /cFreddy Prestol Castillo. aDecimaprimera edición 4aSanto Domingo :bEdiciones de Taller,c©1998. a201 páginas :bilustraciones ;c21 cm. atextobtxt2rdacontent asin mediaciónbn2rdamedia avolumenbnc2rdacarrier0 aBiblioteca Taller ;v26 aIncluye datos biográficos del autor en la páginas 5-6 4aNovela histórica dominicana. 4aLiteratura dominicana. 4aRepública DominicanaxHistoria yEra de Trujillo 1930-1961xNovela